00366 a2200109 4500001001000000005001700010008004100027245007700068100002600145773006800171999001700239ART_3961920260410161805.0260409a 10a¿El consorcio de propiedad horizontal constituye un sujeto concursable?1 aArduino, Augusto H.L.0 tDoctrina Societaria y Concursalg- Nº 344 (jul. 2016)wREV4298 c20892d20892